|
|
|
|
| LEADER |
00000cab a2200000 a 4500 |
| 001 |
vtls010678475 |
| 003 |
SK-MaSNL |
| 005 |
20260318115256.0 |
| 008 |
171110c2015 xo br p 000 c0ukr |
| 015 |
|
|
|a SNBRB2015/05
|
| 038 |
|
|
|a SVKPOCL
|
| 040 |
|
|
|a SVKPOCL
|b slo
|c SVKPOCL
|d SVKPOCL
|e AACR2
|
| 041 |
0 |
|
|a ukr
|
| 044 |
|
|
|a xo
|c SK
|
| 080 |
|
|
|a 80(=16)+908(4)
|2 2001
|
| 080 |
|
|
|a 80(=161.2)+908(437.6)
|2 2001
|
| 080 |
|
|
|a 316.022.4(=161.25)(437.6)
|2 2001
|
| 080 |
|
|
|a 78.071.1/.2
|2 2001
|
| 080 |
|
|
|a 78.071.2
|2 2001
|
| 080 |
|
|
|a 37.011-051
|2 2001
|
| 080 |
|
|
|a 929 Ladižinský, Štefan
|2 2001
|
| 100 |
1 |
|
|a Bandurič, Ivan,
|d 1934-2017
|4 aut
|9 170160
|
| 245 |
1 |
0 |
|a Vŷorav hlŷboku borozdu na kulturnim polju
|b (ku 90-ričnomu jubileju Štefana Ladyžyn'skoho)
|c Ivan Bandurič
|
| 300 |
|
|
|b Fotogr.
|
| 500 |
|
|
|a Ladyžyn'skŷj, Štefan pozri Ladižinský, Štefan
|
| 500 |
|
|
|a Článok bol publikovaný aj v novinách Narodnŷ novynkŷ. - ISSN 1339-5505. - Roč. XXV, č. 4 (2015), s. 3
|
| 600 |
1 |
7 |
|a Ladižinský, Štefan,
|d 1925-2024
|2 SNKMA
|9 110139
|
| 650 |
0 |
7 |
|a osobnosti
|2 SNKPH
|9 29820
|
| 650 |
0 |
7 |
|a Rusíni
|2 SNKPH
|9 4087
|
| 650 |
0 |
7 |
|a slavistika
|2 SNKPH
|9 4282
|
| 650 |
0 |
7 |
|a rusinistika
|2 SNKPH
|9 90871
|
| 650 |
0 |
7 |
|a zbormajstri
|2 SNKPH
|9 3057
|
| 650 |
0 |
7 |
|a hudobníci
|2 SNKPH
|9 3189
|
| 650 |
0 |
7 |
|a osvetoví pracovníci
|2 SNKPH
|9 79906
|
| 651 |
|
7 |
|a Matysová (Slovensko)
|2 SNKPHgeo
|9 59209
|
| 651 |
|
7 |
|a Stará Ľubovňa (Slovensko : okres)
|2 SNKPHgeo
|9 19196
|
| 651 |
|
7 |
|a Malcov (Slovensko)
|2 SNKPHgeo
|9 34729
|
| 651 |
|
7 |
|a Bardejov (Slovensko : okres)
|2 SNKPHgeo
|9 28620
|
| 651 |
|
7 |
|a Prešov (Slovensko)
|2 SNKPHgeo
|9 17347
|
| 651 |
|
7 |
|a Praha (Česko)
|2 SNKPHgeo
|9 19313
|
| 651 |
|
7 |
|a Bratislava (Slovensko)
|2 SNKPHgeo
|9 14568
|
| 651 |
|
7 |
|a Rusovce (Bratislava V, Slovensko)
|2 SNKPHgeo
|9 16342
|
| 655 |
|
7 |
|a články z novín a časopisov
|2 svkpocl
|9 267496
|
| 773 |
0 |
|
|t Rusyn
|g Roč. XXV, č. 1 (2015), s. 11-12
|x 1339-5483
|
| 852 |
|
|
|a SVKPO
|b KIS3GCP
|
| 856 |
4 |
1 |
|u http://narodny-novynky.presov.sk
|
| 856 |
4 |
1 |
|u http://www. rusynacademy.sk
|
| 958 |
|
|
|a RN
|
| 958 |
|
|
|a SK
|
| 958 |
|
|
|a BX
|
| 958 |
|
|
|a SS
|
| 999 |
|
|
|c 3305142
|d 3307072
|